000 00451nam a2200157Ia 4500
005 20250424120218.0
008 250424s9999 xx 000 0 und d
022 _a22511431
050 _aK 1 .P21 .A105/
245 0 _aAbuja journal of public and international law
260 _aAbuja
260 _bPublication of department of Public and International Law, University of Abuja.
260 _c2010
300 _avii, 452 p. ; 23 cm.
942 _cSR
999 _c38023
_d38023